Normal view MARC view
  • Mendoza Pérez, Claudia

Entry Nombre Personal

Number of records used in: 1

001 - NUMERO DE CONTROL

  • campo de control: 59463

003 - IDENTIFICADOR DE NUMERO DE CONTROL

  • campo de control: MX-MxUPN

005 - FECHA Y HORA DE LA ÜLTIMA TRANSACCIÓN

  • campo de control: 20260430142906.0

008 - DATOS DE LONGITUD FIJA

  • campo de control de longitud fija: 260430nn fnnn|aabn a aaa d

040 ## - FUENTE DE CATALOGACIÓN

  • Agencia original de catalogación: MX-MxUPN
  • Lenguaje de catalogación: spa

100 1# - ENCABEZAMIENTO - NOMBRE PERSONAL

  • Nombre personal: Mendoza Pérez, Claudia

400 1# - VEÁSE - NOMBRE DE PERSONA

  • Personal name: Mendoza, Claudia Pérez

670 ## - FUENTE EN LA QUE SE LOCALIZARON DATOS

  • Cita de la fuente: Kuiemuxa, 2012 :
  • Información localizada: cubierta (Claudia Pérez Mendoza)

902 ## - CATALOGADOR

  • Catalogador: VíctorGodínez/300426